Laurence Tibi, La Lyre désenchantée. L’instrument de musique et la voix humaine dans la littérature française du XIXe siècle. Paris, Champion, coll. « Romantisme et modernités », n° 66,2003. Un vol. 16 × 24 de 624 p. (notice n° 1653968)
[ vue normale ]
| 000 -LEADER | |
|---|---|
| fixed length control field | 00700cam a2200145 4500500 |
| 005 - DATE AND TIME OF LATEST TRANSACTION | |
| control field | 20260208005827.0 |
| 041 ## - LANGUAGE CODE | |
| Language code of text/sound track or separate title | fre |
| 042 ## - AUTHENTICATION CODE | |
| Authentication code | dc |
| 100 10 - MAIN ENTRY--PERSONAL NAME | |
| Personal name | Bara, Olivier |
| Relator term | author |
| 245 00 - TITLE STATEMENT | |
| Title | Laurence Tibi, La Lyre désenchantée. L’instrument de musique et la voix humaine dans la littérature française du XIXe siècle. Paris, Champion, coll. « Romantisme et modernités », n° 66,2003. Un vol. 16 × 24 de 624 p. |
| 260 ## - PUBLICATION, DISTRIBUTION, ETC. | |
| Date of publication, distribution, etc. | 2005.<br/> |
| 500 ## - GENERAL NOTE | |
| General note | 10 |
| 786 0# - DATA SOURCE ENTRY | |
| Note | Revue d'histoire littéraire de la France | 105 | 3 | 2005-06-01 | p. 655zi-764zi | 0035-2411 |
| 856 41 - ELECTRONIC LOCATION AND ACCESS | |
| Uniform Resource Identifier | <a href="https://shs.cairn.info/revue-d-histoire-litteraire-de-la-france-2005-3-page-655zi?lang=fr&redirect-ssocas=7080">https://shs.cairn.info/revue-d-histoire-litteraire-de-la-france-2005-3-page-655zi?lang=fr&redirect-ssocas=7080</a> |
Pas d'exemplaire disponible.




Réseaux sociaux